Nuclear Power overview - Statistics

General Stats
  • This quiz has been taken 14 times
    13 since last reset
  • The average score is 9 of 47
Answer Stats
Hint Answer % Correct
Fissile fuels Uranium-235
70%
Fertile fuels Uranium-238
70%
Nuclear fusion fuels Deuterium
60%
Nuclear fusion fuels Tritium
60%
Products of fusion Helium
50%
Fissile fuels Plutonium-239
50%
Fertile fuels Thorium-232
30%
What makes up 0.7% uranium 235
20%
What makes up 99.3% uranium 238
20%
Plutonium reactor alternative name Breeder reactor
20%
Products of fusion Energy
20%
Products of fission Fission products
20%
Nuclear fusion fuels (overview) Hydrogen isotopes
20%
Fissile fuels Uranium-233
20%
1kg uranium = 13 tonnes coal
10%
Thorium abundance 3x uranium
10%
Control rods... (7 words) Absorb excess neutrons to control chain reactions
10%
Nuclear disasters Chernobyl 1986
10%
Future extraction methods Coal ash
10%
H2 production Extracted from water
10%
Fusion conditions Extremely high temperatures
10%
Nuclear disasters Fukushima 2011
10%
Products of fission Gamma radiation
10%
Purpose of gamma radiation Heats water
10%
Fusion conditions Heavy nuclei
10%
Daughter nuclei become... High level waste
10%
Laser fusion alternative name Inertial confinement fusion
10%
Reactor examples +location ITER, France
10%
Reactor examples +location JET, Oxford
10%
Nuclear fusion Joining nuclei of small atoms
10%
Fusion reactors Laser fusion
10%
Fusion conditions Magnetic field
10%
Future fission technology Molten salt reactors
10%
Reactor examples +location National Ignition Facility, California
10%
Main nuclear fission process Neutron bombardment
10%
H3 production Neutron bombardment of lithium
10%
Products of fission Neutrons
10%
Products of fusion Neutrons
10%
Future extraction methods Phosphate mining
10%
Fusion conditions Plasma
10%
Future fission technology Plutonium reactors
10%
Future extraction methods Polymer adsorption
10%
Nuclear fission Splitting nuclei of large atoms
10%
Future fission technology Thorium reactors
10%
Fusion reactors Toroidal
10%
Future fission technology Uranium extraction
10%
Fusion conditions Vacuum
10%
No matching quizzes found
Score Distribution
Percent of People with Each Score
Percentile by Number Answered
Your Score History
You have not taken this quiz since the last reset